=LDR 00000nam 2200000 4500 =001 INLIS000000000046310 =005 20210617094222 =035 ##$$a 0010-031500000000082 =008 210617################g##########0#ind## =040 ##$$a NBPDMAT =082 ##$$a 342.07 =090 ##$$a 342.07 $b Pen p =245 ##$$a Penyempurnaan undang undang bidang politik : $b Menuju pemilu yang demokratis dan berkualitas /$c editor. Ir. Bambang Sutrisno =260 ##$$a Jakarta :$b DPP partai golkar,$c 2006 =300 ##$$a xvi, 176 hlm. ; $c 21 x 14,5 cm. =700 #$$a Ir. Bambang Sutrisno =084 ##$$a 342.07 PEN =250 ##$$a cet. 1 =650 #4$$a Pemilihan Umum-Undang-undang dan Peraturan =990 ##$$a 31400117